| 000 | 00934 a2200217 4500 | ||
|---|---|---|---|
| 003 | Nust | ||
| 005 | 20221228140006.0 | ||
| 010 | _a 86031074 | ||
| 020 | _a0195205502 (pbk.) | ||
| 040 | _cNust | ||
| 082 | 0 | 0 | _a297.822,LEW |
| 100 | 1 |
_aLewis, Bernard, _960364 |
|
| 245 | 1 | 4 |
_aThe Assassins : _ba radical sect in Islam _cBernard Lewis. |
| 260 |
_aNew York : _bOxford University Press, _c1987, c1967. |
||
| 300 |
_ax,166 p.; _bill., map ; _c21 cm. |
||
| 500 | _aThe Discovery Of Assassins (Page-1), The Ismailis (Page-20), The New Preaching (Page-38), The Mission In Persia (Page-64), The Old Man Of The Mountain (Page-97), Means And Ends (Page-125). | ||
| 650 | 0 |
_aAssassins (Ismailites) _9106237 |
|
| 856 | 4 | 2 |
_3Contributor biographical information _uhttp://www.loc.gov/catdir/enhancements/fy0723/86031074-b.html |
| 856 | 4 | 2 |
_3Publisher description _uhttp://www.loc.gov/catdir/enhancements/fy0635/86031074-d.html |
| 942 |
_2ddc _cBK |
||
| 999 |
_c190490 _d190490 |
||